000 00691nam a2200217Ia 4500
003 IN-BaIIA
008 211028s9999 xx 000 0 eng d
040 _cIIA Library
080 _a523.64
_bGAL
100 _aGalile, Galileo
_94020
245 4 _aThe controversy on the comets of 1618
_cGalileo Galile…[et al.]
260 _aPhiladelphia
_bUniversity of Pennsylvania Press
_c1960
300 _axxv, 380p.
650 _aAstronomy and astrophysics thesaurus
650 _aComet Halley
_94021
650 _aComets
_9755
700 _aGrassi, Horatio
_94022
700 _aGuiducci, Mario
_94023
700 _aKepler, Johann
_94024
942 _cBK
999 _c2230
_d2230